Building the Strategic Plan (Record no. 4358)

MARC details
000 -LEADER
fixed length control field 00346nam a22001337a 4500
008 - FIXED-LENGTH DATA ELEMENTS--GENERAL INFORMATION
fixed length control field 250721b |||||||| |||| 00| 0 eng d
020 ## - INTERNATIONAL STANDARD BOOK NUMBER
ISBN 0471864366
100 ## - MAIN ENTRY--AUTHOR
Author MARRUS Stephanie
245 ## - TITLE STATEMENT
Title Building the Strategic Plan
260 ## - PUBLICATION, DISTRIBUTION, ETC. (IMPRINT)
Place of publication New York
Name of publisher A Ronald Press Publication
Date of publication 1984
300 ## - COLLATION
Pagination xiii, 342p.
942 ## - ADDED ENTRY ELEMENTS (KOHA)
Item type Books
050 ## - LIBRARY OF CONGRESS CALL NUMBER
Classification number HD30.25
Item number .M37
Holdings
Source of classification or shelving scheme Not for loan Permanent location Current location Date acquired Accession No. Full call number Barcode. Koha item type
Library of Congress Classification   Samuel Ogbemudia Main Library, University of Abuja Samuel Ogbemudia Main Library, University of Abuja 07/21/2025 2002/24308 HD30.M37 2025-3128 Books